书目信息 |
| 题名: |
日本法研究
|
|
| 作者: | 牟宪魁 主编 | |
| 分册: | 第1卷 | |
| 出版信息: | 北京 中国政法大学出版社 2015 |
|
| 页数: | 275页 | |
| 开本: | 23cm | |
| 丛书名: | ||
| 单 册: | ||
| 中图分类: | D931.3 | |
| 科图分类: | ||
| 主题词: | 法学--fa xue--研究--日本 | |
| 电子资源: | ||
| ISBN: | 978-7-5620-6307-0 | |
| 000 | 00914nam0 22002411 450 | |
| 001 | 1730315840 | |
| 005 | 20170527085459.42 | |
| 010 | @a978-7-5620-6307-0@dCNY42.00 | |
| 100 | @a20160112d2015 em y0chiy50 ea | |
| 101 | 0 | @achi@eeng |
| 102 | @aCN@b110000 | |
| 105 | @ay z 000yy | |
| 106 | @ar | |
| 200 | 1 | @a日本法研究@Ari ben fa yan jiu@h第1卷@h2015@f牟宪魁主编 |
| 210 | @a北京@c中国政法大学出版社@d2015 | |
| 215 | @a275页@d23cm | |
| 304 | @a英文共同提名:Journal of Japanese legal studies | |
| 330 | @a本书收录了《行政裁量基准在日本之展开——以裁量基准的法律性质及其控制为视角》、《日本的村落共同体与入会权之兴衰》、《日本法上关于权利侵害、违法性与过错之关系的讨论——兼论对我国侵权责任法发展的启示》等文章。 | |
| 606 | 0 | @a法学@Afa xue@x研究@y日本 |
| 690 | @aD931.3@v5 | |
| 701 | 0 | @a牟宪魁@Amou xian kui@f(1975~)@4主编 |
| 801 | 0 | @aCN@bTANG WEI@c20170523 |
| 905 | @b0969258-62@dD931.3@e130:1@f5 | |
| 日本法研究.第1卷.2015/牟宪魁主编 .-北京:中国政法大学出版社,2015 |
| 275页;23cm |
| ISBN 978-7-5620-6307-0:CNY42.00 |
| 本书收录了《行政裁量基准在日本之展开——以裁量基准的法律性质及其控制为视角》、《日本的村落共同体与入会权之兴衰》、《日本法上关于权利侵害、违法性与过错之关系的讨论——兼论对我国侵权责任法发展的启示》等文章。 |
| ● |
| 相关链接 |
|
|
|
|
正题名:日本法研究
索取号:D931.3/130:1
 
预约/预借
| 序号 | 登录号 | 条形码 | 馆藏地/架位号 | 状态 | 备注 |
| 1 | 0969258 | 209692581 | 第一样本阅览室/ [索取号:D931.3/130:1] | 在馆 | |
| 2 | 0969259 | 209692590 | 第一借阅区/ [索取号:D931.3/130:1] | 在馆 | |
| 3 | 0969260 | 209692607 | 第一借阅区/ [索取号:D931.3/130:1] | 在馆 | |
| 4 | 0969261 | 209692616 | 第一借阅区/ [索取号:D931.3/130:1] | 在馆 | |
| 5 | 0969262 | 209692625 | 密集书库-史法系/ [索取号:D931.3/130:1] | 在馆 |